Cuadernos de criminologa̕

Detalles Bibliográficos
Autor principal: Brage Cendǹ, Santiago B.
Otros Autores: Nieto Morales, Concepcin̤
Formato: Libro
Lenguaje:español
Publicado: Barcelona : Bosch, 2013
Colección:Bosch penal
Materias:
Acceso en línea:Acceso restringido

MARC

LEADER 00000cam a2200000 a 4500
005 20131217174724.0
007 cr|||| ||||
008 130716s2013 spc b 000 0 spa c
017 |a DL B. 16871-2013 
020 |a 9788494130427  
035 |a 11702 
040 |a vLex 
080 |a 343.9 
090 |c 4627  |d 4627 
100 1 |a Brage Cendǹ, Santiago B. 
245 1 0 |a Cuadernos de criminologa̕  |h [Recurso electrn̤ico] /  |c Santiago B. Brage Cendǹ 
256 |8 Servicio en ln̕ea 
260 |a Barcelona :  |b Bosch,  |c 2013 
300 |a 1 recurso electrn̤ico 
490 1 |a Bosch penal 
504 |a Bibliografia: p. 263-266 
506 1 |a Contenido solo disponible en los productos indicados  |d vLex Global  |d vLex Global (Academic Edition, excluding Law Schools)  |d vLex Global (U.S. Academic Edition, Law Schools)  |d vLex Global (U.S. Academic Edition, excluding Law Schools)  |d vLex Global (Academic Edition, Law Schools) 
650 0 4 |a Criminologa̕ 
650 0 4 |a Criminologa̕  |z Espaą 
650 0 4 |a Criminologa̕  |x Investigacin̤  |z Espaą 
700 1 |a Nieto Morales, Concepcin̤ 
740 0 |a vLex Libros (Servicio en ln̕ea) 
856 4 0 |u http://vlex.com/source/cuadernos-criminologia-11702  |z Acceso restringido 
942 |c BOOK 
999 0 |a Criminology